000 01327nam a2200349 i 4500
001 69609
003 Mx-PuUPA
005 20220819103921.0
008 220602s2019 sp a|||gr|||| 00| 0 spa d
020 _a9788413090740
040 _aMx-PuUPA
_bspa
_cMx-PuUPA
_dMx-PuUPA
_erda
041 0 _aspa
100 1 _aSalanova, Marisa,
_913135
_eautor
245 1 0 _aOrganizaciones saludables :
_buna mirada desde la psicología positiva /
_cMarisa Salanova, Susana Llorens, Isabel M. Martínez ; prólogo, Carmelo Vázquez
250 _aPrimera edición
264 1 _aCizur Menor, Navarra :
_bEditorial Aranzadi,
_bThomson Reuters,
_c©2019
300 _a330 páginas :
_btablas ;
_c24 cm
336 _2rdacontent
_atexto
_btxt
337 _2rdamedia
_asin medio
_bn
338 _2rdacarrier
_avolumen
_bnc
650 7 _2armarc
_aTrabajo
_xAspectos psicológicos
650 7 _2armarc
_aComportamiento organizacional
650 7 _2armarc
_aOrganización
_xAspectos psicológicos
650 7 _2armarc
_aPsicología industrial
700 1 _aLlorens, Susana,
_eautor
700 1 _aMartínez, Isabel M.,
_eautor
700 1 _aVázquez, Carmelo,
_eprologuista
942 _2ddc
_cLI
_h158.7
999 _c69609
_d69609